Regulating cartels in Europe / (Record no. 11572)

MARC details
000 -LEADER
fixed length control field 00653nam a22002172 4500
001 - CONTROL NUMBER
control field 0000024543
005 - DATE AND TIME OF LATEST TRANSACTION
control field 20151217154512.0
008 - FIXED-LENGTH DATA ELEMENTS--GENERAL INFORMATION
fixed length control field 131220s xx 000 0 eng d
020 ## - INTERNATIONAL STANDARD BOOK NUMBER
International Standard Book Number 019955148 :
040 ## - CATALOGING SOURCE
Original cataloging agency KABU
Transcribing agency KABU
100 1# - MAIN ENTRY--PERSONAL NAME
Personal name Harding, Christopher.
-- 0000184812
245 10 - TITLE STATEMENT
Title Regulating cartels in Europe /
Statement of responsibility, etc. Christopher Harding and Julian Joshua.
250 ## - EDITION STATEMENT
Edition statement 2nd ed.
260 ## - PUBLICATION, DISTRIBUTION, ETC. (IMPRINT)
Place of publication, distribution, etc. Oxford :
Name of publisher, distributor, etc. O. U. P,
Date of publication, distribution, etc. 2010.
300 ## - PHYSICAL DESCRIPTION
Extent xxvii, 409 p.
650 #0 - SUBJECT ADDED ENTRY--TOPICAL TERM
Topical term or geographic name as entry element Cartels
Geographic subdivision Europe.
-- 0000184813
700 1# - ADDED ENTRY--PERSONAL NAME
Personal name Joshua, Julian.
-- 0000184814
852 1# - LOCATION
-- p9315 KES
908 ## - PUT COMMAND PARAMETER (RLIN)
Put command parameter 131220
950 ## - LOCAL HOLDINGS (RLIN)
-- 1
Holdings
Withdrawn status Lost status Source of classification or shelving scheme Not for loan Home library Current library Date acquired Total Checkouts Full call number Barcode Date last seen Price effective from Koha item type
    Library of Congress Classification   Kabarak, Main Campus Kabarak, Main Campus 17/12/2015   KJC6471 .H37 2010 c. 1 016224 17/12/2015 17/12/2015 General Collection
Designed with assistance from East African Informatics Ltd